01138nam a2200277Ia 450000500170000000800410001702000150005808200180007310000280009124500470011925000220016630000580018850400270024650502720027365000310054565000280057665000320060465000450063694200120068126400290069333600270072233700330074933800280078204000350081099900150084520220317000211.0141031s2006 s a g 000 0 s  a843682016904a155.232bS27n1 aSerrano Pintado, Isabel13aEl niño agresivocIsabel Serrano Pintado aPrimera edición a152 páginasbilustraciones en blanco y negroc22 cm aIncluye bibliografía a¿Qué es la agresividad infantil? -- Causas del comportamiento agresivo -- Guía para definir y explicar la conducta agresiva -- ¿Qué procedimientos pueden ayudarme? -- Y ahora... ¿qué hago? -- ¿Cómo puedo prevenir el comportamiento agresivo en mis hijos?142LEMBaAgresividad infantil142LEMBaConducta infantil142LEMBaPsicología infantil142LEMBaTrastornos de la conducta infantil 2ddccBK aMadridbPirámidec2006 atextobtxt2rdacontent asin mediaciónbn2rdamedia avolumenbnc2rdacarrier aCO-BoRNBPbspaerdacCO-BoRNBP c3382d3382